| 000 | 00443nam a2200157 i 4500 | ||
|---|---|---|---|
| 001 | 135489 | ||
| 003 | ES-MaACL | ||
| 005 | 20230906194907.0 | ||
| 007 | t| | ||
| 008 | 070718s1961 sp ||||1| spa d | ||
| 100 | 1 |
_aTorre Arce, J. M. _9110765 |
|
| 245 | 1 | 3 |
_aLa aldea olvidada _b: novela / _cJ.M. Torre Arce. |
| 260 |
_aSantander : _b[Gráf. Hermanos Bedia], _c1961. |
||
| 300 |
_a165 p. ; _c19 cm. |
||
| 852 |
_aES-MaACL _jC-20711 _bR.49170 |
||
| 999 |
_c135489 _d135489 |
||